| 000 | 00605nam a22002057a 4500 | ||
|---|---|---|---|
| 003 | KOHA_MİRAKIL | ||
| 005 | 20260428092246.0 | ||
| 008 | 260427b tu ||||| |||| 00| 0 tur d | ||
| 020 | _a9786059020565 | ||
| 040 |
_aTR-AnABB _btur _cTR-AnABB |
||
| 041 | _atur | ||
| 082 |
_a323.01 _bGUR 2015 |
||
| 100 | 1 | _aGürer, Çetin | |
| 245 | 1 | 0 |
_aDemokratik özerklik : _bBir yurttaşlık heterotopyası / _cÇetin Gürer |
| 260 |
_aAnkara : _bNota Bene Yayınları, _c2015 |
||
| 300 |
_a376 sayfa ; _c20 cm |
||
| 650 | 0 | 4 | _aSiyasi kuramlar |
| 900 | _bCan ÇELIK | ||
| 942 |
_2ddc _cBK |
||
| 999 |
_c10353 _d10353 |
||